000 00392nam a22001457a 4500
999 _c7698
_d7696
005 20210320142053.0
008 210320b ||||| |||| 00| 0 eng d
082 _a346.066
100 _aAIYAR, A.N.
_96466
245 _aCOMPANY CASES THE CORPORATE LAW WEEKLY [182]
260 _aCHENNAI
_bCOMPANY LAW INSTITUTE OF INDIA
_c2014
300 _a592, i-xliv;p
650 _aLAW
_95701
942 _cJRL